How to organize a better conference

Bibliographic Details
Main Author: Clayton, Ken (Author)
Format: Book
Published: London : Hutchinson , 1986
Subjects:

MARC

LEADER 00000cam a2200000 7i4500
001 0000005312
005 20040418093000.0
008 021118s1986
020 |a 009164190X 
090 0 0 |a AS6   |b .C5 
100 0 |a Clayton, Ken ,   |e author 
245 1 0 |a How to organize a better conference   |c Ken Clayton 
260 2 |a London :   |b Hutchinson ,   |c 1986 
300 |a 352 p. :   |b 24 cm 
504 |a Includes index 
650 0 |a Congresses and conventions   |x Planning   |x Handbooks, manuals, etc. 
999 |a 1000000210   |b Book   |c OPEN SHELF (30 DAYS)   |e Gong Badak Campus